General Studies Paper-I 2026 / (Record no. 215010)

MARC details
000 -LEADER
fixed length control field 00568nam a22001817a 4500
005 - DATE AND TIME OF LATEST TRANSACTION
control field 20260301143944.0
010 ## - LCCN (DPL NO)
LC control number BACEN26
020 ## - INTERNATIONAL STANDARD BOOK NUMBER
International Standard Book Number 9789370782853
Terms of availability 1670.00
037 ## - SOURCE OF ACQUISITION
Source of stock number/acquisition BSB
082 ## - DEWEY DECIMAL CLASSIFICATION NUMBER
Classification number 000
100 ## - MAIN ENTRY--PERSONAL NAME
Personal name Panday, Manohar
245 ## - TITLE STATEMENT
Title General Studies Paper-I 2026 /
Statement of responsibility, etc by Manohar Pandey; etted by Piya Goyal
260 ## - PUBLICATION, DISTRIBUTION, ETC. (IMPRINT)
Place of publication, distribution, etc Delhi
Name of publisher, distributor, etc Arihant Publications
Date of publication, distribution, etc 2026
270 ## - ADDRESS
Address Ramchhaya 4577/15, Agarwal road, darya ganj,
City new Delhi
Postal code 110002
300 ## - PHYSICAL DESCRIPTION
Extent vp.
Other physical details 28cm(PBK)
700 ## - ADDED ENTRY--PERSONAL NAME
Personal name Goyal ,Piya
9 (RLIN) 87522
942 ## - ADDED ENTRY ELEMENTS (KOHA)
Source of classification or shelving scheme Dewey Decimal Classification
Item type English Books
Classification part 000
Call number suffix PAN

No items available.


© Delhi Public Library
Hit Counter
free hit counter